[Event "Heroes Day Cup, Masters Section"]
[Site "Bridgetown Chess Center"]
[Date "2009.04.27"]
[Round "1"]
[White "Buhmann, Rainer"]
[Black "Hammar, Bengt"]
[Result "1-0"]
[WhiteElo "2582"]
[BlackElo "2323"]
[PlyCount "151"]
[EventDate "2009.04.27"]
[EventType "swiss"]
[EventRounds "9"]
[EventCountry "BAR"]
[SourceDate "2009.04.27"]

1. Nf3 c5 2. c4 Nf6 3. g3 Nc6 4. Bg2 g6 5. O-O Bg7 6. d4 cxd4 7. Nxd4 O-O 8.
Nc3 Nxd4 9. Qxd4 d6 10. Qd3 a6 11. Bd2 Rb8 12. Rac1 Bf5 13. e4 Be6 14. b3 Qd7
15. a4 Bh3 16. Rfe1 Bxg2 17. Kxg2 Rfc8 18. h3 b6 19. Bg5 Qb7 20. Kh2 h6 21.
Bxf6 Bxf6 22. Nd5 Bg7 23. Rc2 e6 24. Ne3 Rd8 25. Rd1 h5 26. h4 Bf6 27. f3 Qc6
28. Kg2 Qc5 29. Qd2 Qc6 30. Rcc1 Qb7 31. Rc2 Qc6 32. Qd3 Qb7 33. Rcc1 Rbc8 34.
Rc2 Rb8 35. Kh3 Qc8 36. Kh2 Qb7 37. f4 Rbc8 38. Rdc1 Qe7 39. Ng2 Rc5 40. Kg1
Qb7 41. b4 Rcc8 42. Kh2 Qe7 43. Qe3 Qb7 44. Ne1 d5 45. cxd5 Rxc2+ 46. Rxc2 exd5
47. e5 d4 48. Qe2 Be7 49. Nd3 Rc8 50. Rxc8+ Qxc8 51. Qe4 Qc2+ 52. Kh3 Qxa4 53.
e6 Qe8 54. Qxd4 fxe6 55. Qxb6 Qf7 56. Kh2 Qf5 57. Qxa6 Qe4 58. Nf2 Qd5 59. Qd3
Kf7 60. Qxd5 exd5 61. Nd3 Ke6 62. Kg2 Kf5 63. Kf3 Bd8 64. b5 Bb6 65. Nb4 Ke6
66. Nc6 Bc7 67. Nd4+ Kd6 68. f5 gxf5 69. Nxf5+ Kc5 70. Ng7 Kc4 71. Nxh5 Kc3 72.
Nf6 d4 73. Nd5+ Kc2 74. Nxc7 d3 75. Nd5 d2 76. Ne3+ 1-0

[Event "Heroes Day Cup, Masters Section"]
[Site "Bridgetown Chess Center"]
[Date "2009.04.27"]
[Round "1"]
[White "Paikidze, Nazi"]
[Black "Shabalov, Alexander"]
[Result "0-1"]
[WhiteElo "2310"]
[BlackElo "2569"]
[PlyCount "66"]
[EventDate "2009.04.27"]
[EventType "swiss"]
[EventRounds "9"]
[EventCountry "BAR"]
[SourceDate "2009.04.27"]

1. d4 d5 2. c4 c6 3. cxd5 cxd5 4. Nc3 Nc6 5. Nf3 Nf6 6. Bf4 a6 7. Rc1 Ne4 8. e3
Nxc3 9. bxc3 g6 10. Bd3 Bg7 11. O-O O-O 12. e4 Be6 13. Ng5 dxe4 14. Bxe4 Bxa2
15. Bxc6 bxc6 16. Qa4 Qd5 17. Rfe1 Bb3 18. Qb4 c5 19. dxc5 a5 20. Qa3 e5 21. c4
Bxc4 22. Red1 Qc6 23. Bxe5 Bxe5 24. Rxc4 Rfd8 25. Re1 Qd5 26. Qc1 a4 27. c6 Bb2
28. Qf4 h6 29. c7 Rf8 30. Rxa4 hxg5 31. Rxa8 Rxa8 32. Qb4 Be5 33. Qe7 Qd6 0-1

[Event "Heroes Day Cup, Masters Section"]
[Site "Bridgetown Chess Center"]
[Date "2009.04.27"]
[Round "1"]
[White "Zapata, Alonso"]
[Black "Elliott, Warren"]
[Result "1-0"]
[WhiteElo "2514"]
[BlackElo "2265"]
[PlyCount "81"]
[EventDate "2009.04.27"]
[EventType "swiss"]
[EventRounds "9"]
[EventCountry "BAR"]
[SourceDate "2009.04.27"]

1. e4 c5 2. Nf3 Nc6 3. d4 cxd4 4. Nxd4 Nf6 5. Nc3 e5 6. Ndb5 d6 7. Bg5 a6 8.
Na3 b5 9. Nd5 Be7 10. Bxf6 Bxf6 11. c3 Bg5 12. Nc2 O-O 13. a4 bxa4 14. Rxa4 a5
15. Bc4 Rb8 16. b3 Kh8 17. O-O f5 18. exf5 Bxf5 19. Nce3 Bxe3 20. Nxe3 Bg6 21.
Ra2 e4 22. Rd2 Ne5 23. Rxd6 Qg5 24. Be2 Rf4 25. Qd2 Rff8 26. Nc4 Qxd2 27. Rxd2
Nxc4 28. Bxc4 Bf7 29. Bxf7 Rxf7 30. Rd4 Rfb7 31. Rb1 Kg8 32. b4 Rc7 33. Ra1
Rxc3 34. bxa5 Ra3 35. Rdd1 Rd3 36. a6 Rxd1+ 37. Rxd1 Ra8 38. Ra1 Kf7 39. Kf1
Ke6 40. Ke2 Kf5 41. Ke3 1-0

[Event "Heroes Day Cup, Masters Section"]
[Site "Bridgetown Chess Center"]
[Date "2009.04.27"]
[Round "1"]
[White "Pitterson, Jomo"]
[Black "Uribe, Mauricio"]
[Result "1/2-1/2"]
[WhiteElo "2242"]
[BlackElo "2416"]
[PlyCount "43"]
[EventDate "2009.04.27"]
[EventType "swiss"]
[EventRounds "9"]
[EventCountry "BAR"]
[SourceDate "2009.04.27"]

1. d4 Nf6 2. c4 e6 3. g3 d5 4. Nf3 dxc4 5. Bg2 Nc6 6. Qa4 Bb4+ 7. Bd2 Nd5 8.
Bxb4 Ndxb4 9. O-O Rb8 10. Nc3 a6 11. Ne5 O-O 12. Nxc6 Nxc6 13. Bxc6 bxc6 14.
Qxc4 Qd6 15. Ne4 Qd5 16. Qc2 Qxd4 17. b3 Rb5 18. Rfd1 Qb4 19. Rac1 Re5 20. Nc5
Rd5 21. Nd3 Qe4 22. Nb2 1/2-1/2

[Event "Heroes Day Cup, Masters Section"]
[Site "Bridgetown Chess Center"]
[Date "2009.04.27"]
[Round "1"]
[White "Neubauer, Martin"]
[Black "Farley, Terry"]
[Result "1-0"]
[WhiteElo "2414"]
[BlackElo "2242"]
[PlyCount "77"]
[EventDate "2009.04.27"]
[EventType "swiss"]
[EventRounds "9"]
[EventCountry "BAR"]
[SourceDate "2009.04.27"]

1. d4 Nf6 2. Nf3 g6 3. c4 Bg7 4. Nc3 O-O 5. e4 d6 6. h3 e5 7. d5 a5 8. Bg5 Na6
9. Nd2 Nc5 10. g4 c6 11. Rg1 a4 12. Qf3 h6 13. Be3 Qa5 14. a3 Bd7 15. Be2 cxd5
16. cxd5 b5 17. Kf1 Rfb8 18. Na2 Nb3 19. Nxb3 axb3 20. Nb4 Qxb4 21. axb4 Rxa1+
22. Kg2 Rxg1+ 23. Kxg1 Ra8 24. Bd2 Ra1+ 25. Kg2 Rb1 26. Bc3 h5 27. g5 Nh7 28.
Qe3 Ra1 29. Qb6 Bf8 30. h4 f6 31. Qd8 Ra7 32. gxf6 Rb7 33. Bd2 Kf7 34. Bg5 Nxg5
35. hxg5 h4 36. Kh2 Ra7 37. Qb8 Ra2 38. Qc7 Ke8 39. Bg4 1-0

[Event "Heroes Day Cup, Masters Section"]
[Site "Bridgetown Chess Center"]
[Date "2009.04.27"]
[Round "1"]
[White "Warner, Delisle"]
[Black "Moran Nuque, Augusto"]
[Result "0-1"]
[WhiteElo "2209"]
[BlackElo "2393"]
[PlyCount "120"]
[EventDate "2009.04.27"]
[EventType "swiss"]
[EventRounds "9"]
[EventCountry "BAR"]
[SourceDate "2009.04.27"]

1. d4 Nf6 2. Nf3 d6 3. c4 Nbd7 4. Nc3 e5 5. e4 Be7 6. Be2 c6 7. O-O O-O 8. Re1
a6 9. Bf1 b5 10. a3 Re8 11. d5 cxd5 12. cxd5 Nb6 13. h3 Bd7 14. Be3 Qb8 15. Nd2
Rc8 16. Rc1 Ra7 17. b3 Rac7 18. Na2 Rxc1 19. Nxc1 Bd8 20. Na2 g6 21. Qb1 Nh5
22. Rc1 f5 23. f3 Rxc1 24. Qxc1 Nc8 25. Qe1 f4 26. Bf2 Nf6 27. Be2 g5 28. Nf1
h5 29. Nh2 Qb7 30. Qf1 Bb6 31. Kh1 h4 32. Qg1 Nh5 33. Nf1 Ng3+ 34. Nxg3 hxg3
35. Bxb6 Nxb6 36. Qc1 Nc8 37. Nb4 Ne7 38. Nd3 Ng6 39. b4 Kf7 40. Nb2 Nh4 41.
Nd3 Ke7 42. Qc3 Ng6 43. Qc1 Kf6 44. Nb2 Ne7 45. Nd3 Nc8 46. Bf1 Qa7 47. Qc3 Qb6
48. Qc1 Ne7 49. Qc3 Ng8 50. Nc5 dxc5 51. bxc5 Qc7 52. c6 Bxc6 53. Qxc6+ Qxc6
54. dxc6 Ke7 55. a4 bxa4 56. Bxa6 Kd6 57. Kg1 Kxc6 58. Bc4 Ne7 59. Bf7 Kc5 60.
Kf1 Kd4 0-1

[Event "Heroes Day Cup, Masters Section"]
[Site "Bridgetown Chess Center"]
[Date "2009.04.27"]
[Round "1"]
[White "Denny, Kevin"]
[Black "Harper, Ryan"]
[Result "1/2-1/2"]
[WhiteElo "2354"]
[BlackElo "2206"]
[PlyCount "50"]
[EventDate "2009.04.27"]
[EventType "swiss"]
[EventRounds "9"]
[EventCountry "BAR"]
[SourceDate "2009.04.27"]

1. e4 c5 2. c3 Nf6 3. e5 Nd5 4. d4 cxd4 5. Nf3 Nc6 6. cxd4 d6 7. Bc4 e6 8. O-O
Be7 9. Re1 O-O 10. a3 Qc7 11. Bxd5 exd5 12. Nc3 Be6 13. Nb5 Qd7 14. exd6 Bxd6
15. Nxd6 Qxd6 16. Ne5 f6 17. Nd3 b6 18. Bf4 Qd7 19. Qa4 Bf5 20. Nb4 Nxd4 21.
Qxd7 Bxd7 22. Rad1 Rfe8 23. Be3 Nf5 24. Nxd5 Ba4 25. Rc1 Rad8 1/2-1/2

[Event "Heroes Day Cup, Masters Section"]
[Site "Bridgetown Chess Center"]
[Date "2009.04.28"]
[Round "2"]
[White "Moran Nuque, Augusto"]
[Black "Buhmann, Rainer"]
[Result "1/2-1/2"]
[WhiteElo "2393"]
[BlackElo "2582"]
[PlyCount "41"]
[EventDate "2009.04.27"]
[EventType "swiss"]
[EventRounds "9"]
[EventCountry "BAR"]
[SourceDate "2009.04.27"]

1. d4 d5 2. Bg5 c6 3. Nf3 Qb6 4. b3 Bg4 5. e3 Nd7 6. Be2 e6 7. O-O Ngf6 8. c4
Be7 9. Nfd2 Bf5 10. a3 h6 11. Bh4 O-O 12. Nc3 Rfe8 13. b4 a6 14. Nb3 dxc4 15.
Bxc4 Rad8 16. Nc5 Bg6 17. Qb3 Qc7 18. Bg3 Qc8 19. h3 Nb6 20. Be2 Nbd5 21. Bf3
1/2-1/2

[Event "Heroes Day Cup, Masters Section"]
[Site "Bridgetown Chess Center"]
[Date "2009.04.28"]
[Round "2"]
[White "Shabalov, Alexander"]
[Black "Zapata, Alonso"]
[Result "0-1"]
[WhiteElo "2569"]
[BlackElo "2514"]
[PlyCount "52"]
[EventDate "2009.04.27"]
[EventType "swiss"]
[EventRounds "9"]
[EventCountry "BAR"]
[SourceDate "2009.04.27"]

1. e4 c5 2. Nf3 e6 3. d4 cxd4 4. Nxd4 a6 5. Nc3 Qc7 6. Qf3 Nc6 7. Be3 Nf6 8.
O-O-O Be7 9. Be2 O-O 10. g4 b5 11. g5 Ne8 12. Nf5 exf5 13. exf5 Qa5 14. Nd5 Bd8
15. a3 b4 16. Nxb4 Nc7 17. c3 Bb7 18. f6 Re8 19. Rxd7 Nxb4 20. Qh5 Na2+ 21. Kd2
g6 22. Qh6 Ne6 23. Bc4 Be7 24. fxe7 Bxh1 25. Bxa2 Rxe7 26. Bxe6 fxe6 0-1

[Event "Heroes Day Cup, Masters Section"]
[Site "Bridgetown Chess Center"]
[Date "2009.04.28"]
[Round "2"]
[White "Uribe, Mauricio"]
[Black "Neubauer, Martin"]
[Result "0-1"]
[WhiteElo "2416"]
[BlackElo "2414"]
[PlyCount "102"]
[EventDate "2009.04.27"]
[EventType "swiss"]
[EventRounds "9"]
[EventCountry "BAR"]
[SourceDate "2009.04.27"]

1. e4 e5 2. Nf3 Nc6 3. Bb5 Nf6 4. d3 Bc5 5. O-O Nd4 6. Nxd4 Bxd4 7. c3 Bb6 8.
Nd2 c6 9. Ba4 d6 10. h3 O-O 11. Nf3 h6 12. Qe2 Nh5 13. Kh1 Qf6 14. Nh2 Qh4 15.
Bd1 Nf4 16. Bxf4 Qxf4 17. Bb3 Qg5 18. Rad1 Bd7 19. d4 Rad8 20. Rd3 Kh8 21. Rfd1
Bc8 22. Nf3 Qe7 23. dxe5 dxe5 24. Rxd8 Rxd8 25. Rxd8+ Bxd8 26. Nd2 g6 27. Kg1
Kg7 28. Qc4 Bb6 29. Nf3 Qf6 30. Qe2 a6 31. Nd2 Bd8 32. Qf3 Qxf3 33. Nxf3 Bc7
34. Kf1 f5 35. Nd2 Kf6 36. Ke2 Bd6 37. Bc2 h5 38. Nc4 Bc5 39. Nd2 f4 40. Bb3 g5
41. f3 g4 42. hxg4 hxg4 43. Bc4 b5 44. Bb3 Kg5 45. a4 Kh4 46. axb5 cxb5 47. Nf1
a5 48. Bd1 gxf3+ 49. gxf3 Kh3 50. Bc2 Kg2 51. Bd3 Bb6 {Scoresheets illegible}
0-1

[Event "Heroes Day Cup, Masters Section"]
[Site "Bridgetown Chess Center"]
[Date "2009.04.28"]
[Round "2"]
[White "Hammar, Bengt"]
[Black "Denny, Kevin"]
[Result "0-1"]
[WhiteElo "2323"]
[BlackElo "2354"]
[PlyCount "56"]
[EventDate "2009.04.27"]
[EventType "swiss"]
[EventRounds "9"]
[EventCountry "BAR"]
[SourceDate "2009.04.27"]

1. d4 Nf6 2. c4 g6 3. Nf3 Bg7 4. g3 O-O 5. Bg2 d6 6. O-O Nbd7 7. Nc3 e5 8. e4
a6 9. Re1 exd4 10. Nxd4 Ng4 11. h3 Qf6 12. Nf3 Nge5 13. Nxe5 Nxe5 14. Nd5 Qd8
15. Qb3 b5 16. cxb5 axb5 17. f4 Nc6 18. Qxb5 Nd4 19. Qd3 Ba6 20. Qd1 c6 21. Nc3
Qb6 22. Kh2 Rfb8 23. Rb1 Bc4 24. Bd2 Bd3 25. Rc1 Qxb2 26. Be3 Nc2 27. Qxd3 Nxe1
28. Rxe1 Qxc3 0-1

[Event "Heroes Day Cup, Masters Section"]
[Site "Bridgetown Chess Center"]
[Date "2009.04.28"]
[Round "2"]
[White "Farley, Terry"]
[Black "Paikidze, Nazi"]
[Result "0-1"]
[WhiteElo "2242"]
[BlackElo "2310"]
[PlyCount "52"]
[EventDate "2009.04.27"]
[EventType "swiss"]
[EventRounds "9"]
[EventCountry "BAR"]
[SourceDate "2009.04.27"]

1. c4 e5 2. Nc3 Nc6 3. g3 g6 4. Bg2 Bg7 5. d3 d6 6. e3 Nge7 7. Nge2 O-O 8. Rb1
Be6 9. Nd5 Qd7 10. O-O Nd8 11. b4 c6 12. Nxe7+ Qxe7 13. b5 e4 14. Nf4 f5 15.
bxc6 bxc6 16. Ba3 Nf7 17. Qa4 Ne5 18. Rfd1 Rad8 19. dxe4 fxe4 20. Nxe6 Qxe6 21.
Bxe4 Rxf2 22. Bxc6 Qh3 23. Bd5+ Kh8 24. Kxf2 Qxh2+ 25. Ke1 Rf8 26. Rb2 Nd3+ 0-1

[Event "Heroes Day Cup, Masters Section"]
[Site "Bridgetown Chess Center"]
[Date "2009.04.28"]
[Round "2"]
[White "Harper, Ryan"]
[Black "Pitterson, Jomo"]
[Result "1/2-1/2"]
[WhiteElo "2206"]
[BlackElo "2242"]
[PlyCount "52"]
[EventDate "2009.04.27"]
[EventType "swiss"]
[EventRounds "9"]
[EventCountry "BAR"]
[SourceDate "2009.04.27"]

1. e4 c5 2. Nf3 Nc6 3. d4 cxd4 4. Nxd4 Nf6 5. Nc3 e5 6. Ndb5 d6 7. Bg5 a6 8.
Na3 b5 9. Bxf6 gxf6 10. Nd5 Bg7 11. Bd3 Ne7 12. Nxe7 Qxe7 13. O-O O-O 14. c4 f5
15. Qf3 d5 16. cxd5 fxe4 17. Bxe4 Rb8 18. Rfd1 Qd7 19. d6 Rb6 20. Qd3 Rd8 21.
Rac1 Bf8 22. Rc7 Qxc7 23. Bxh7+ Kg7 24. dxc7 Rxd3 25. Bxd3 Bxa3 26. bxa3 Rc6
1/2-1/2

[Event "Heroes Day Cup, Masters Section"]
[Site "Bridgetown Chess Center"]
[Date "2009.04.28"]
[Round "2"]
[White "Elliott, Warren"]
[Black "Warner, Delisle"]
[Result "1/2-1/2"]
[WhiteElo "2265"]
[BlackElo "2209"]
[PlyCount "68"]
[EventDate "2009.04.27"]
[EventType "swiss"]
[EventRounds "9"]
[EventCountry "BAR"]
[SourceDate "2009.04.27"]

1. e4 e6 2. d4 d5 3. Nc3 Nf6 4. Bg5 dxe4 5. Nxe4 Nbd7 6. c3 Be7 7. Bxf6 Bxf6 8.
Nf3 O-O 9. Bd3 e5 10. Nxf6+ Qxf6 11. O-O exd4 12. Nxd4 Ne5 13. Be4 g6 14. f4
Nc4 15. Qe2 Nd6 16. Bd3 Re8 17. Qf2 Nf5 18. Nb5 Qc6 19. Bxf5 Qxb5 20. Bxc8
Raxc8 21. Rfe1 a5 22. b3 Rxe1+ 23. Rxe1 Re8 24. Rxe8+ Qxe8 25. Qd2 Qe4 26. h3
Kg7 27. c4 a4 28. bxa4 Qxc4 29. a5 Qc5+ 30. Kh2 f6 31. Qd7+ Kh6 32. Qc8 Qd6 33.
Qxb7 Qxf4+ 34. Kh1 Qf1+ 1/2-1/2

[Event "Heroes Day Cup, Masters Section"]
[Site "Bridgetown Chess Center"]
[Date "2009.04.28"]
[Round "3"]
[White "Farley, Terry"]
[Black "Hammar, Bengt"]
[Result "1/2-1/2"]
[WhiteElo "2242"]
[BlackElo "2323"]
[PlyCount "33"]
[EventDate "2009.04.27"]
[EventType "swiss"]
[EventRounds "9"]
[EventCountry "BAR"]
[SourceDate "2009.04.27"]

1. c4 Nf6 2. Nc3 c5 3. g3 d5 4. cxd5 Nxd5 5. Bg2 Nc7 6. d3 e5 7. Nf3 Nc6 8. O-O
Be7 9. Nd2 O-O 10. Nc4 f6 11. Be3 Be6 12. Bxc6 bxc6 13. Qa4 Qd7 14. Na5 Nb5 15.
Nxc6 Qxc6 16. Qxb5 Qc7 17. Qa6 1/2-1/2

[Event "Heroes Day Cup, Masters Section"]
[Site "Bridgetown Chess Center"]
[Date "2009.04.28"]
[Round "3"]
[White "Pitterson, Jomo"]
[Black "Elliott, Warren"]
[Result "1/2-1/2"]
[WhiteElo "2242"]
[BlackElo "2265"]
[PlyCount "48"]
[EventDate "2009.04.27"]
[EventType "swiss"]
[EventRounds "9"]
[EventCountry "BAR"]
[SourceDate "2009.04.27"]

1. d4 Nf6 2. c4 g6 3. Nc3 Bg7 4. e4 d6 5. Nf3 O-O 6. Be2 e5 7. O-O Nc6 8. d5
Ne7 9. b4 Nh5 10. Re1 f5 11. Ng5 Nf6 12. Bf3 c6 13. b5 h6 14. Ne6 Bxe6 15. dxe6
fxe4 16. Nxe4 Nxe4 17. Bxe4 d5 18. cxd5 cxd5 19. Ba3 dxe4 20. Qxd8 Rfxd8 21.
Bxe7 Re8 22. Bc5 a6 23. b6 Rac8 24. Be3 Rxe6 1/2-1/2

[Event "Heroes Day Cup, Masters Section"]
[Site "Bridgetown Chess Center"]
[Date "2009.04.28"]
[Round "3"]
[White "Warner, Delisle"]
[Black "Uribe, Mauricio"]
[Result "0-1"]
[WhiteElo "2209"]
[BlackElo "2416"]
[PlyCount "90"]
[EventDate "2009.04.27"]
[EventType "swiss"]
[EventRounds "9"]
[EventCountry "BAR"]
[SourceDate "2009.04.27"]

1. d4 d5 2. c4 c6 3. Nf3 Nf6 4. Nc3 dxc4 5. a4 Bf5 6. e3 e6 7. Bxc4 Bb4 8. O-O
O-O 9. Nh4 Bg4 10. f3 Bh5 11. g4 Nd5 12. Qe1 Be7 13. Ng2 Bg6 14. Qf2 Nb6 15.
Bb3 Bd3 16. Rd1 Bc4 17. Bc2 Nd5 18. e4 Nb4 19. b3 Ba6 20. Bb1 Nd7 21. Na2 Nxa2
22. Rxa2 Qb6 23. Qc2 e5 24. Be3 exd4 25. Bxd4 Bc5 26. Qc3 Bxd4+ 27. Qxd4 Nc5
28. a5 Qxb3 29. Rad2 Ne6 30. Qe3 Qxe3+ 31. Nxe3 Rfd8 32. Bd3 Nd4 33. Kf2 Nb3
34. Bxa6 Rxd2+ 35. Rxd2 Nxd2 36. Bxb7 Rd8 37. Bxc6 Nb3 38. Nc4 g5 39. Bd5 Kg7
40. Ne5 Nxa5 41. Bxf7 Kf6 42. Nc4 Nxc4 43. Bxc4 Ke5 44. Ke3 a5 45. h4 h6 0-1

[Event "Heroes Day Cup, Masters Section"]
[Site "Bridgetown Chess Center"]
[Date "2009.04.28"]
[Round "3"]
[White "Paikidze, Nazi"]
[Black "Harper, Ryan"]
[Result "1-0"]
[WhiteElo "2310"]
[BlackElo "2206"]
[PlyCount "60"]
[EventDate "2009.04.27"]
[EventType "swiss"]
[EventRounds "9"]
[EventCountry "BAR"]
[SourceDate "2009.04.27"]

1. d4 d5 2. c4 c6 3. Nf3 Nf6 4. Nc3 a6 5. e3 b5 6. b3 Bg4 7. Be2 g6 8. O-O Bg7
9. h3 Bxf3 10. Bxf3 O-O 11. Bb2 e6 12. Qe2 Nbd7 13. Rfd1 bxc4 14. bxc4 Nb6 15.
cxd5 cxd5 16. e4 Re8 17. exd5 exd5 18. Qd3 Nc4 19. Bc1 Rc8 20. Rb1 Qa5 21. Bg5
Nb2 22. Rxb2 Rxc3 23. Qd2 Ne4 24. Bxe4 dxe4 25. Rb3 Rec8 26. d5 Qa4 27. d6 Rxb3
28. axb3 Qd7 29. Qd5 Re8 30. Rc1 Bf8 1-0

[Event "Heroes Day Cup, Masters Section"]
[Site "Bridgetown Chess Center"]
[Date "2009.04.28"]
[Round "3"]
[White "Zapata, Alonso"]
[Black "Neubauer, Martin"]
[Result "1/2-1/2"]
[WhiteElo "2514"]
[BlackElo "2414"]
[PlyCount "82"]
[EventDate "2009.04.27"]
[EventType "swiss"]
[EventRounds "9"]
[EventCountry "BAR"]
[SourceDate "2009.04.27"]

1. e4 e5 2. Nf3 Nc6 3. Bb5 Nf6 4. d4 exd4 5. O-O a6 6. Bxc6 dxc6 7. e5 Ne4 8.
Re1 Nc5 9. Bg5 Be7 10. Bxe7 Qxe7 11. Qxd4 Bf5 12. Na3 Ne6 13. Qc3 O-O 14. Nc4
c5 15. Ne3 Be4 16. Nf1 Bg6 17. Ng3 Rfd8 18. Rad1 Rxd1 19. Rxd1 Rd8 20. Rd2 b6
21. Qe3 a5 22. Ne1 h6 23. f4 Nd4 24. Qf2 Nf5 25. Nf1 h5 26. Nf3 c4 27. c3 Rd3
28. Ne1 Rd7 29. Nc2 Rd3 30. Ne1 Rd7 31. Qf3 Qc5+ 32. Kh1 Nh4 33. Qg3 Rxd2 34.
Nxd2 Qd5 35. Qf2 f6 36. exf6 gxf6 37. Kg1 Nf5 38. Qe2 b5 39. Ndf3 Kf7 40. g3 c5
41. Nc2 Nd6 {Scoresheets illegible} 1/2-1/2

[Event "Heroes Day Cup, Masters Section"]
[Site "Bridgetown Chess Center"]
[Date "2009.04.29"]
[Round "4"]
[White "Neubauer, Martin"]
[Black "Denny, Kevin"]
[Result "1/2-1/2"]
[WhiteElo "2414"]
[BlackElo "2354"]
[PlyCount "44"]
[EventDate "2009.04.27"]
[EventType "swiss"]
[EventRounds "9"]
[EventCountry "BAR"]
[SourceDate "2009.04.27"]

1. d4 Nf6 2. Nf3 g6 3. c4 Bg7 4. Nc3 d6 5. e4 O-O 6. Be2 e5 7. O-O Nc6 8. d5
Ne7 9. b4 Ne8 10. c5 f5 11. Nd2 Nf6 12. f3 f4 13. Nc4 g5 14. Ba3 Ng6 15. b5
dxc5 16. Bxc5 Rf7 17. Kh1 h5 18. d6 Be6 19. Qa4 Bf8 20. Rfd1 g4 21. dxc7 Qxc7
22. Bxf8 Rfxf8 1/2-1/2

[Event "Heroes Day Cup, Masters Section"]
[Site "Bridgetown Chess Center"]
[Date "2009.04.29"]
[Round "4"]
[White "Hammar, Bengt"]
[Black "Warner, Delisle"]
[Result "0-1"]
[WhiteElo "2323"]
[BlackElo "2209"]
[PlyCount "68"]
[EventDate "2009.04.27"]
[EventType "swiss"]
[EventRounds "9"]
[EventCountry "BAR"]
[SourceDate "2009.04.27"]

1. e4 e6 2. d4 d5 3. Nc3 Nf6 4. Bg5 Be7 5. e5 Nfd7 6. Bxe7 Qxe7 7. f4 a6 8. Nf3
c5 9. Qd2 Nc6 10. dxc5 Qxc5 11. O-O-O b5 12. Nd4 Nb6 13. Nxc6 Qxc6 14. h4 O-O
15. h5 b4 16. Ne2 Qa4 17. Kb1 Nc4 18. Qc1 a5 19. Nd4 Rb8 20. Rh3 Qe8 21. g4 f6
22. Bxc4 dxc4 23. Re3 Qf7 24. Rf1 a4 25. f5 fxe5 26. Nc6 Rb5 27. Nxe5 Qc7 28.
Qe1 exf5 29. Rf4 Rc5 30. gxf5 Bxf5 31. Kc1 b3 32. a3 bxc2 33. Rf2 c3 34. bxc3
Rb8 0-1

[Event "Heroes Day Cup, Masters Section"]
[Site "Bridgetown Chess Center"]
[Date "2009.04.29"]
[Round "4"]
[White "Moran Nuque, Augusto"]
[Black "Harper, Ryan"]
[Result "1-0"]
[WhiteElo "2393"]
[BlackElo "2206"]
[PlyCount "67"]
[EventDate "2009.04.27"]
[EventType "swiss"]
[EventRounds "9"]
[EventCountry "BAR"]
[SourceDate "2009.04.27"]

1. d4 d5 2. Bf4 Nf6 3. e3 c5 4. c3 Nc6 5. Nd2 e6 6. Bd3 Bd6 7. Bxd6 Qxd6 8. f4
cxd4 9. cxd4 Qb4 10. Rb1 Ne4 11. Bxe4 dxe4 12. a3 Qa5 13. Ne2 f5 14. Nc3 O-O
15. O-O Qd8 16. Nc4 Kh8 17. b4 Ne7 18. Ne5 b6 19. Rf2 Bb7 20. Rc1 Bd5 21. g4
fxg4 22. Qxg4 Rc8 23. Rfc2 Bb3 24. Rg2 Nf5 25. Qh3 Kg8 26. Rb2 Bd5 27. Kf2 Rc7
28. Ne2 Rxc1 29. Nxc1 Qc7 30. Ne2 Rc8 31. Rb1 Qe7 32. Rb2 Qc7 33. Qg4 Kf8 34.
h4 1-0

[Event "Heroes Day Cup, Masters Section"]
[Site "Bridgetown Chess Center"]
[Date "2009.04.29"]
[Round "4"]
[White "Elliott, Warren"]
[Black "Farley, Terry"]
[Result "1/2-1/2"]
[WhiteElo "2265"]
[BlackElo "2242"]
[PlyCount "48"]
[EventDate "2009.04.27"]
[EventType "swiss"]
[EventRounds "9"]
[EventCountry "BAR"]
[SourceDate "2009.04.27"]

1. e4 c5 2. Nf3 d6 3. d4 cxd4 4. Nxd4 Nf6 5. Nc3 a6 6. Bg5 e6 7. f4 Qc7 8. Bxf6
gxf6 9. Qd3 Bd7 10. Be2 h5 11. Qh3 Nc6 12. O-O-O Qb6 13. Nb3 h4 14. Rhf1 O-O-O
15. Bg4 Ne7 16. Kb1 Kb8 17. f5 e5 18. Be2 Qc7 19. g3 Bh6 20. gxh4 Bg5 21. h5
Bc6 22. Nd5 Nxd5 23. exd5 Bb5 24. Bxb5 axb5 1/2-1/2

[Event "Heroes Day Cup, Masters Section"]
[Site "Bridgetown Chess Center"]
[Date "2009.04.29"]
[Round "4"]
[White "Shabalov, Alexander"]
[Black "Pitterson, Jomo"]
[Result "1-0"]
[WhiteElo "2569"]
[BlackElo "2242"]
[PlyCount "77"]
[EventDate "2009.04.27"]
[EventType "swiss"]
[EventRounds "9"]
[EventCountry "BAR"]
[SourceDate "2009.04.27"]

1. d4 Nf6 2. Nf3 g6 3. c4 Bg7 4. Nc3 d6 5. e4 O-O 6. Be2 e5 7. O-O Na6 8. Re1
Qe8 9. Bf1 Bg4 10. d5 Nb4 11. Be2 a5 12. Bg5 Kh8 13. a3 Na6 14. Nd2 Bd7 15. b3
b6 16. Rb1 Nc5 17. Qc2 Ng8 18. b4 Nb7 19. Nb5 Qc8 20. Nb3 f5 21. c5 bxc5 22.
bxc5 a4 23. Nd2 c6 24. Nc4 cxb5 25. c6 Ra6 26. cxd7 Qxd7 27. Nxe5 dxe5 28. Bxb5
Qd6 29. Bxa6 Qxa6 30. Qc6 Qxc6 31. dxc6 Nc5 32. Rec1 Ne6 33. c7 Rc8 34. Bd8
Nxd8 35. Rb8 Rxc7 36. Rxc7 Ne6 37. Rcc8 Nf8 38. exf5 Nf6 39. Rxf8+ 1-0

[Event "Heroes Day Cup, Masters Section"]
[Site "Bridgetown Chess Center"]
[Date "2009.04.29"]
[Round "4"]
[White "Uribe, Mauricio"]
[Black "Buhmann, Rainer"]
[Result "0-1"]
[WhiteElo "2416"]
[BlackElo "2582"]
[PlyCount "112"]
[EventDate "2009.04.27"]
[EventType "swiss"]
[EventRounds "9"]
[EventCountry "BAR"]
[SourceDate "2009.04.27"]

1. d4 e6 2. c4 b6 3. Nc3 Bb7 4. e4 Bb4 5. Bd3 f5 6. Qh5+ g6 7. Qe2 Nf6 8. Bg5
fxe4 9. Bxe4 Bxe4 10. Bxf6 Qxf6 11. Qxe4 O-O 12. Nf3 Nc6 13. O-O Bxc3 14. bxc3
Rae8 15. Rad1 Qf5 16. Rfe1 Na5 17. c5 Qxe4 18. Rxe4 c6 19. Ne5 Rd8 20. Rb1 d5
21. cxd6 Rxd6 22. g3 Rc8 23. Rbe1 c5 24. Nf3 cxd4 25. Nxd4 Rd7 26. Nxe6 Rxc3
27. Rf4 Rc8 28. Ng5 Rf8 29. Rfe4 h6 30. Ne6 Re8 31. Nf4 Rxe4 32. Rxe4 Kf7 33.
h4 Nb7 34. h5 gxh5 35. Nxh5 Nc5 36. Rg4 Ne6 37. Re4 Rd2 38. Ra4 a5 39. Kg2 Rd4
40. Ra3 a4 41. Rf3+ Ke7 42. Nf6 Ng5 43. Ng8+ Kd6 44. Rf6+ Kc5 45. Nxh6 b5 46.
Rf5+ Rd5 47. f4 Ne6 48. Rxd5+ Kxd5 49. Nf5 b4 50. Ne3+ Kd4 51. f5 Ng5 52. Kf2
Kd3 53. f6 Ne4+ 54. Ke1 Nxf6 55. Nf5 b3 56. axb3 axb3 0-1